Las Relaciones han mejorado pero... (Entrevista al presidente de UPANIC) /
Na minha lista:
| Autor principal: | |
|---|---|
| Formato: | Texto |
| Assuntos: | |
| Tags: |
Adicionar Tag
Sem tags, seja o primeiro a adicionar uma tag!
|
MARC
| LEADER | 00000 a a2200000 04500 | ||
|---|---|---|---|
| 001 | 12126 | ||
| 003 | |||
| 040 | |||
| 100 | |a Díaz, Rosendo | ||
| 245 | |a Las Relaciones han mejorado pero... (Entrevista al presidente de UPANIC) / |c Rosendo Díaz | ||
| 650 | |a REVOLUCION | ||
| 650 | |a GUERRA | ||
| 650 | |a CONDICIONES ECONOMICAS | ||
| 650 | |a EMPRESAS PRIVADAS | ||
| 650 | |a PROBLEMAS POLITICOS | ||
| 650 | |a GOBIERNO CENTRAL | ||
| 650 | |a AGRICULTURA | ||
| 650 | |a BARRERAS COMERCIALES | ||
| 650 | |a REASENTAMIENTO | ||
| 773 | |g número 24; páginas 16-20 | ||
| 999 | |c 33190 |d 33190 | ||
